00585nam a2200193Ia 4500008004100000020001800041082000800059100002500067245007300092250000600165260002500171300001800196500002400214650001000238700002900248942000700277952009000284999001700374230524s9999 xx 000 0 und d a9781259002892 bWAT aDonald Watson942896 0aFor Architectural Design : Technical Data for Professional Practice a1 aNew DelhibTMHc2011 a"XII,131.6p;" aQuantity Number: 1 aCivil aMichael J.Crosbie942897 cBK 00104070aTATCLbTATCLcGENd2023-05-24l0o WATp54158r2023-05-24w2023-05-24yBK c57866d57866